Sumo Banzuke November 2024 - Statistics

General Stats
  • This quiz has been taken 46 times
  • The average score is 23 of 44
Answer Stats
Rank Heya Answer % Correct
O2w Nishonoseki Onosato
92%
O1w Tatsunami Hoshoryu
85%
S1e Otowayama Kirishima
85%
M2e Arashio Wakatakakage
85%
O1e Sadogatake Kotozakura
81%
M9w Tagonoura Takayasu
81%
Y1e Isegahama Terunofuji
81%
M2w Kise Ura
73%
K1e Arashio Wakamotoharu
73%
M3e Shikoroyama Abi
69%
M1e Otake Oho
69%
K1w Tokitsukaze Shodai
69%
M16e Ikazuchi Shishi
65%
S1w Oitekaze Daieisho
62%
M16w Isegahama Takerufuji
62%
M7w Dewanoumi Mitakeumi
58%
M6w Isenoumi Nishikigi
58%
M3w Isegahama Atamifuji
54%
M8e Futagoyama Roga
54%
M11e Kataonami Tamawashi
54%
M11w Tatsunami Meisei
50%
M9e Isegahama Midorifuji
50%
M10w Isegahama Takarafuji
50%
M7e Oitekaze Endo
46%
M8w Takekuma Gonoyama
46%
M14w Isegahama Nishikifuji
46%
M13e Takadagawa Ryuden
46%
M12w Sakaigawa Sadanoumi
46%
M6e Tokiwayama Takanosho
42%
M5e Oitekaze Tobizaru
42%
M14e Kokonoe Chiyoshoma
38%
M12e Hakkaku Hokutofuji
38%
M10e Hanaregoma Ichiyamamoto
38%
M13w Takadagawa Shonannoumi
38%
M4e Kise Churanoumi
35%
M5w Sadogatake Kotoshoho
35%
M1w Sakaigawa Hiradoumi
31%
M4w Naruto Oshoma
31%
M17e Takasago Asakoryu
27%
M15e Onomatsu Onokatsu
27%
M17w Fujishima Bushozan
23%
O2e None
15%
Y1w None
15%
M15w Tokitsukaze Tokihayate
15%
No matching quizzes found
Score Distribution
Percent of People with Each Score
Percentile by Number Answered
Your Score History
You have not taken this quiz